[Event "Poti Aleksandria Cup-B 8th"]
[Site "Poti"]
[Date "2013.07.19"]
[Round "8"]
[White "Tsurtsumia, Romanoz"]
[Black "Bashirli, Nail Qoshqar"]
[Result "1/2-1/2"]
[WhiteElo "1947"]
[BlackElo "1841"]
[PlyCount "214"]
[EventDate "2013.07.13"]
[EventType "swiss"]
[EventRounds "9"]
[EventCountry "GEO"]
[SourceTitle "EXT 2014"]
[Source "ChessBase"]
[SourceDate "2013.11.20"]
[SourceVersion "1"]
[SourceVersionDate "2013.11.20"]
[SourceQuality "1"]

1. d4 d5 2. c4 e6 3. Nf3 Be7 4. g3 Nf6 5. Bg2 0-0 6. 0-0 Nbd7 7. Nbd2 b6 8. Ne5 Bb7 9. b3 c5 10. Bb2 cxd4 11. Bxd4 Qc7 12. Nxd7 Qxd7 13. cxd5 Bxd5 14. e3 Bxg2 15. Kxg2 Rfd8 16. Nc4 Rac8 17. Qf3 Qe8 18. Rac1 Rd5 19. Bxf6 gxf6 20. e4 Rdc5 21. Rcd1 b5 22. Nd6 Bxd6 23. Rxd6 R5c6 24. Rfd1 Rxd6 25. Rxd6 Qe7 26. Qd3 Rc7 27. h4 Kg7 28. Qd1 h6 29. Rd8 Kh7 30. Rb8 Qd7 31. Qxd7 Rxd7 32. Rxb5 Kg6 33. h5+ Kg7 34. a4 Rd3 35. a5 f5 36. exf5 exf5 37. b4 Rb3 38. Rb7 a6 39. Rb6 Rb2 40. Kf3 Rb3+ 41. Kf4 Rb2 42. f3 Rb3 43. Rxa6 Rxb4+ 44. Kxf5 Rb5+ 45. Kg4 Rb4+ 46. f4 Rb5 47. f5 Rb4+ 48. Kf3 f6 49. Ra7+ Kg8 50. a6 Ra4 51. Ra8+ Kg7 52. a7 Ra5 53. Ke4 Ra4+ 54. Kd5 Ra5+ 55. Kd6 Ra1 56. Re8 Ra6+ 57. Kd5 Ra5+ 58. Kc6 Rxa7 59. Rd8 Ra6+ 60. Kd5 Ra5+ 61. Ke4 Ra4+ 62. Rd4 Ra5 63. Rd7+ Kg8 64. Re7 Rb5 65. Kf4 Rb4+ 66. Re4 Rb5 67. Kg4 Kg7 68. Ra4 Rc5 69. Rf4 Ra5 70. Kh4 Rb5 71. Kh3 Ra5 72. Kg4 Rb5 73. Ra4 Rc5 74. Ra7+ Kg8 75. Kf4 Rc4+ 76. Kf3 Rc3+ 77. Kg2 Rc5 78. g4 Rc2+ 79. Kf3 Rc4 80. Re7 Ra4 81. Re4 Ra3+ 82. Kf4 Ra5 83. Ke3 Kg7 84. Kd4 Kg8 85. Kc4 Kg7 86. Re7+ Kg8 87. Rb7 Re5 88. Rb6 Kg7 89. Rb5 Re4+ 90. Kd5 Rxg4 91. Rb7+ Kg8 92. Ke6 Rg5 93. Kxf6 Rxh5 94. Rb8+ Kh7 95. Rb7+ Kg8 96. Rb5 Rh1 97. Rb8+ Kh7 98. Kf7 h5 99. f6 Ra1 100. Rb7 Ra8 101. Ke6+ Kg6 102. Rg7+ Kh6 103. Rg1 Ra6+ 104. Ke7 Ra7+ 105. Ke8 Ra8+ 106. Kd7 Ra7+ 107. Ke6 Ra8 1/2-1/2

[Event "Poti Aleksandria Cup 7th"]
[Site "Poti"]
[Date "2012.07.16"]
[Round "4"]
[White "Lomineishvili, Maia"]
[Black "Tsurtsumia, Romanoz"]
[Result "1-0"]
[WhiteElo "2360"]
[BlackElo "2003"]
[PlyCount "81"]
[EventDate "2012.07.14"]
[EventType "swiss"]
[EventRounds "9"]
[EventCountry "GEO"]
[SourceTitle "CBM 149 Extra"]
[Source "ChessBase"]
[SourceDate "2012.08.24"]
[SourceVersion "1"]
[SourceVersionDate "2012.08.24"]
[SourceQuality "1"]

1. d4 e6 2. c4 Nf6 3. Nf3 b6 4. e3 Bb7 5. Nc3 Be7 6. Bd3 d5 7. cxd5 exd5 8. Ne5 Nbd7 9. 0-0 0-0 10. Qf3 Bd6 11. Nxd7 Qxd7 12. Bf5 Qe7 13. Bd2 a6 14. Qe2 g6 15. Bd3 c5 16. dxc5 bxc5 17. Rac1 Rfe8 18. Rfe1 Qc7 19. h3 d4 20. Nd1 Qc6 21. Qf1 Qa4 22. exd4 Rxe1 23. Bxe1 Qxd4 24. Rc4 Qe5 25. f4 Qe7 26. Bh4 Kg7 27. Rc2 Qe6 28. Re2 Qd5 29. Bxf6+ Kxf6 30. Nf2 Qd4 31. Be4 Bxe4 32. Rxe4 Qxb2 33. Re2 Qd4 34. Rd2 Qxf4 35. Rxd6+ Kg7 36. Qa1+ Kg8 37. Qf6 Qxf6 38. Rxf6 Rb8 39. Rxa6 c4 40. Ne4 Rb2 41. a4 1-0